An introduction to quantum physics / (Record no. 3813)
[ view plain ]
| 000 -LEADER | |
|---|---|
| fixed length control field | 00565nam a22002057a 4500 |
| 003 - CONTROL NUMBER IDENTIFIER | |
| control field | OSt |
| 005 - DATE AND TIME OF LATEST TRANSACTION | |
| control field | 20170213132510.0 |
| 008 - FIXED-LENGTH DATA ELEMENTS--GENERAL INFORMATION | |
| fixed length control field | 160427b xxu||||| |||| 00| 0 eng d |
| 020 ## - INTERNATIONAL STANDARD BOOK NUMBER | |
| International Standard Book Number | 0748740783 |
| 040 ## - CATALOGING SOURCE | |
| Transcribing agency | DDC. |
| 082 ## - DEWEY DECIMAL CLASSIFICATION NUMBER | |
| Classification number | 530.1 |
| Item number | FRE 1998 |
| 100 ## - MAIN ENTRY--PERSONAL NAME | |
| Personal name | French, A P |
| 9 (RLIN) | 8026 |
| 245 ## - TITLE STATEMENT | |
| Title | An introduction to quantum physics / |
| Statement of responsibility, etc. | A P French, E F Taylor |
| 260 ## - PUBLICATION, DISTRIBUTION, ETC. (IMPRINT) | |
| Place of publication, distribution, etc. | Cheltenham |
| Name of publisher, distributor, etc. | Stanley Thornes |
| Date of publication, distribution, etc. | 1998 |
| 300 ## - PHYSICAL DESCRIPTION | |
| Extent | xviii, 670p; |
| Other physical details | ill : |
| Dimensions | 17 cm |
| 504 ## - BIBLIOGRAPHY, ETC. NOTE | |
| Bibliography, etc | Includes index |
| 650 ## - SUBJECT ADDED ENTRY--TOPICAL TERM | |
| Topical term or geographic name as entry element | Quantum physics |
| 9 (RLIN) | 8377 |
| 700 ## - ADDED ENTRY--PERSONAL NAME | |
| Personal name | Taylor, E F |
| 9 (RLIN) | 8378 |
| 942 ## - ADDED ENTRY ELEMENTS (KOHA) | |
| Source of classification or shelving scheme | Dewey Decimal Classification |
| Koha item type | Short Loan |
| Withdrawn status | Lost status | Source of classification or shelving scheme | Damaged status | Not for loan | Home library | Current library | Date acquired | Inventory number | Total Checkouts | Full call number | Barcode | Date last seen | Price effective from | Koha item type | Source of acquisition |
|---|---|---|---|---|---|---|---|---|---|---|---|---|---|---|---|
| Dewey Decimal Classification | Faculty of Interdisciplinary Studies Library | Faculty of Interdisciplinary Studies Library | 04/02/2022 | 04/22138 | 530.1 FRE 1998 | 2022-0154 | 04/02/2022 | 04/02/2022 | Open Shelf | Purchase | |||||
| Dewey Decimal Classification | MUST Main Library | MUST Main Library | 27/04/2016 | 2001/15032 | 530.1 FRE 1978 | 2016-1481 | 27/04/2016 | 27/04/2016 | Short Loan | ||||||
| Dewey Decimal Classification | MUST Main Library | MUST Main Library | 27/04/2016 | 2001/15031 | 530.1 FRE 1978 | 2016-1482 | 27/04/2016 | 27/04/2016 | Short Loan | ||||||
| Dewey Decimal Classification | MUST Main Library | MUST Main Library | 13/02/2017 | 02/17690 | 530.1 FRE 1998 | 2017-0158 | 13/02/2017 | 13/02/2017 | Open Shelf |
